A textbook of electrical technology Volume.III / (Record no. 592246)

000 -LEADER
fixed length control field 00958nam a22001817a 4500
003 - CONTROL NUMBER IDENTIFIER
control field NUST
005 - DATE AND TIME OF LATEST TRANSACTION
control field 20221103122739.0
020 ## - INTERNATIONAL STANDARD BOOK NUMBER
International Standard Book Number 9788121924900
082 ## - DEWEY DECIMAL CLASSIFICATION NUMBER
Classification number 621.31,THE
100 ## - MAIN ENTRY--PERSONAL NAME
Personal name Theraja, B.L
9 (RLIN) 7131
245 ## - TITLE STATEMENT
Title A textbook of electrical technology Volume.III /
Remainder of title transmission, distribution and utilization /
Statement of responsibility, etc. B.L.Theraja, A.K.Theraja
260 ## - PUBLICATION, DISTRIBUTION, ETC.
Place of publication, distribution, etc. S.Chand & Company
Name of publisher, distributor, etc. New Delhi
Date of publication, distribution, etc. 2015
300 ## - PHYSICAL DESCRIPTION
Extent 2016 p
505 ## - FORMATTED CONTENTS NOTE
Formatted contents note D.C. Transmission and Distribution (Page-1569), A.C. Transmission and distributions (Page-1603), Distribution automation (Page-1683), Electric Traction (Page-1699), Industrial Applications of Electric Motors (Page-1767), Rating and Service Capacity (Page-1795), Electronic Control of Ac Motors (Page-1823), Electric Heating (Page-1833), Electric Welding (Page-1861), Illumination (Page-1893),
650 ## - SUBJECT ADDED ENTRY--TOPICAL TERM
Topical term or geographic name entry element transmission, distribution and utilization
9 (RLIN) 102307
651 ## - SUBJECT ADDED ENTRY--GEOGRAPHIC NAME
Geographic name electrical technology
9 (RLIN) 102234
942 ## - ADDED ENTRY ELEMENTS (KOHA)
Source of classification or shelving scheme
Koha item type Book
Holdings
Withdrawn status Lost status Source of classification or shelving scheme Damaged status Not for loan Permanent Location Current Location Shelving location Date acquired Full call number Barcode Date last seen Price effective from Koha item type Public note
          Military College of Signals (MCS) Military College of Signals (MCS) General Stacks 11/03/2022 621.31,THE MCS38150 11/03/2022 11/03/2022 Book Almirah Fresh No.45, Shelf No.1
© 2023 Central Library, National University of Sciences and Technology. All Rights Reserved.